000 00799cam a2200241 a 4500
001 12687824
005 20180814061409.0
008 020227s2002 nyua b 001 0 eng
010 _a 2002021152
020 _a0387954562 (acidfree paper)
035 _a(DLC) 2002021152
040 _aDLC
_cDLC
_dDLC
041 _aeng
080 _a519.502
082 0 0 _a519.502
_221
100 1 _a55
101 _aSTA
245 1 4 _aThe basics of S-Plus /
_cAndreas Krause, Melvin Olson.
504 _aIncludes bibliographical references (p. [403]-407) and index.
906 _a7
_bcbc
_corignew
_d1
_eocip
_f20
_gy-gencatlg
942 _2ddc
_cBK
999 _c47109
_d47109